Les prénoms qui ont un sens initiale F - Statistiques

Statistiques générales
  • Ce quiz a été pris 94 fois
  • Le résultat moyen est 7 sur 20
Statistiques - réponses
Sens Sexe Prénom Célébrité ou Personnage % Correct
Franc M François Hollande
98%
Libre F France Gall
89%
Forgeron M Fabrice Lucchini
75%
Blonde F Flavie Flament
66%
Fève M Fabien Pelous
63%
Heureux M Félix Faure
60%
Heureuse F Faustine Bollaert
59%
Protecteur audacieux M Fernand Raynaud
43%
Puissant M Frédéric Bartholdi
42%
Blanche F Fiona Gélin
30%
Solide F Firmin Gillot
14%
Chance M/F Félicité Herzog
11%
En fleur M Florentin Smarandache
10%
Foi M Fidèle -
7%
Petit enfant F Fatima Adoum
5%
Fête Nationale M Fetnat -
4%
Riche M Fortuné Gordien
2%
Guépard M Fahd Youssef
1%
Gouverne le peuple M Foucauld -
1%
En fer M Ferréol -
0%
Aucun quiz correspondant
Distribution des résultats
% des personnes avec chaque résultat
Percentile par nombre de réponses
Votre historique - résultats
Vous n’avez pas pris ce quiz